000 00431nam a22001097a 4500
040 _cRUA
082 _aFAO FFP 2011 C011 Or.
245 _aសៀវភៅផ្សព្វផ្សាយស្តីពីសារៈប្រយោជន័សត្វប្លង់់តុងសម្រាប់ការបំប៉នកូនត្រី
260 _aphnom penh
_brua
_c2011
300 _av.13p.
_bill.
_c29cm.
942 _cREC
999 _c22153
_d22153